=LDR 00000nam 2200000 4500 =001 INLIS000000000050357 =005 20170502103626 =035 ##$$a 0010-0517000010 =007 ta =008 170502###########################0#ind## =020 ##$$a 979-518-067-3 =082 ##$$a 346.072 =084 ##$$a 346.072 NIN k =100 #$$a Niniek Suparni =245 1#$$a KUHD dan Kepailitan /$c Niniek Suparni, SH> =250 ##$$a cet.8 =260 ##$$a Jakarta :$b Rineka Cipta,$c 2005 =300 ##$$a viii, 342 hlm ; $c 21 cm =990 ##$$a 76337633 =990 ##$$a 20609734